000 00742nam a2200229 i 4500
001 C2-0323860
003 PPAK
005 20180728122331.0
008 970116s xx a|||| ||||| | may d
040 _aPPAK
_beng
_cPPAK
_erda
082 0 4 _a959.504
_223
090 0 0 _a959.504
_bABD
_dKK
100 0 _aAbdul Rahman Osman,
_eauthor
245 1 0 _aDalam arus sejarah :
_bperistiwa rundingan Tunku - Chin Peng
264 1 _a[place of publication not identified] :
_b[publisher not identified] ,
_c[date of publication not identified]
300 _a[4 pages] :
_billustrations ;
_c30 cm.
336 _2rdacontent
_atext
337 _2rdamedia
_aunmediated
338 _2rdacarrier
_avolume
650 1 0 _aMalaysia - history
942 _ddc
_cB
999 _c123870
_d123870